Οικονομική ανθρωπολογία : νέοι προσανατολισμοί

Αποθηκεύτηκε σε:
Λεπτομέρειες βιβλιογραφικής εγγραφής
Κύριος συγγραφέας: Narotzky, Susana
Άλλοι συγγραφείς: Σπυριδάκης, Μάνος Σ. (Επιμελητής έκδοσης), Σίμογλου, Αθηνά (trlf)
Μορφή: Βιβλίο
Γλώσσα:Greek
English
Δημοσίευση: Αθήνα : Σαββάλας, 2007.
Σειρά:Κοινωνικές επιστήμες (Σαββάλας)
Θέματα:
Ετικέτες: Προσθήκη ετικέτας
Δεν υπάρχουν, Καταχωρήστε ετικέτα πρώτοι!

MARC

LEADER 00000cam a2200000 i 4500
001 1/8547
008 100618s2007 gr | ||| |||| ||gre||
020 |a 9789604235018 
035 |l 10108291 
040 |a GR-MyUA  |b gre  |e AACR2 
041 1 |a gre  |h eng 
082 0 |a 306.3  |2 (22) 
100 1 |a Narotzky, Susana. 
245 1 0 |a Οικονομική ανθρωπολογία :   |b νέοι προσανατολισμοί /   |c Susana Narotzky ; επιμέλεια Μάνος Σπυριδάκης ; μετάφραση Αθηνά Σίμογλου.  
260 |a Αθήνα :   |b Σαββάλας,   |c 2007.  
300 |a 362 σ. ;   |c 22 εκ.  
490 1 |a (Κοινωνικές επιστήμες/Social sciences)  
500 |a Μετάφραση απο τα αγγλικά 
504 |a Βιβλιογραφία: σ. 317-337. 
504 |a Ευρετήρια: σ. 339-362.  
650 0 0 |a Economic anthropology. 
700 1 |a Σπυριδάκης, Μάνος Σ.  |e edt 
700 1 |a Σίμογλου, Αθηνά,  |e trlf 
765 0 8 |i Μετάφραση του:   |t New directions in economic anthropology /  
830 0 |a Κοινωνικές επιστήμες (Σαββάλας) 
852 |a INST  |b LESVOS  |e 20100618  |h 306.3 NAR  |p 005100047850  |q 005100047850  |t BK  |y 0 
852 |a INST  |b LESVOS  |e 20100618  |h 306.3 NAR  |p 005100047851  |q 005100047851  |t BK  |y 0 
852 |a INST  |b LESVOS  |e 20100618  |h 306.3 NAR  |p 005100047852  |q 005100047852  |t BK  |y 0 
852 |a INST  |b LESVOS  |e 20100618  |h 306.3 NAR  |p 005100047853  |q 005100047853  |t BK  |y 0 
852 |a INST  |b LESVOS  |e 20110310  |h 306.3 NAR  |p 005100049393  |q 005100049393  |t BK  |y 0 
852 |a INST  |b LESVOS  |e 20110310  |h 306.3 NAR  |p 005100049394  |q 005100049394  |t BK  |y 0 
852 |a INST  |b LESVOS  |e 20110310  |h 306.3 NAR  |p 005100049395  |q 005100049395  |t BK  |y 0 
852 |a INST  |b LESVOS  |e 20110725  |h 306.3 NAR  |p 005100050142  |q 005100050142  |t BK  |y 0 
852 |a INST  |b LESVOS  |e 20111125  |h 306.3 NAR  |p 005100050927  |q 005100050927  |t BK  |y 0 
852 |a INST  |b LESVOS  |e 20140514  |h 306.3 NAR  |p 005100054186  |q 005100054186  |t BK  |y 0 
901 |a BIBL1-2010-2 
901 |a BIBL1-2011-1 
901 |a BIBL1-2014-2 
970 |a ΓΙΑΛΑΜΑ  |b ΜΑΡΙΑ  |z 2010/06/18